| 000 | 00593 a2200229 4500 | ||
|---|---|---|---|
| 001 | 112458 | ||
| 003 | OSt | ||
| 005 | 20240405150046.0 | ||
| 008 | 240405b |||||||| |||| 00| 0 POR d | ||
| 020 | _a9788506056189 | ||
| 040 |
_aBR-BrIDEA _cBR-BrIDEA |
||
| 041 | _apor | ||
| 082 | _a028.5 | ||
| 090 | _aP Year 8 028 BAR | ||
| 100 | _aBarbosa, Rogério Andrade. | ||
| 245 | 1 | 0 |
_aNa terra dos gorilas _c Rogério Andrade Barbosa |
| 250 | _a3. ed. | ||
| 260 |
_a[S.l.] _bMelhoramentos _c2009 |
||
| 697 | _aLiteratura infantojuvenil. | ||
| 856 | _u000021/00002143.jpg | ||
| 942 |
_cBK _2udc |
||
| 999 |
_c112458 _d112458 |
||